| 000 | 00394nam a22001697a 4500 | ||
|---|---|---|---|
| 003 | NUST - PNEC | ||
| 005 | 20170116181129.0 | ||
| 008 | 151006b xxu||||| |||| 00| 0 eng d | ||
| 040 | _cLIBRARY | ||
| 082 | _a615.1 MOD | ||
| 100 |
_913827 _aModell, Walter |
||
| 245 |
_aDrugs _cWalter Modell |
||
| 250 | _a2nd ed. | ||
| 260 | _cc1980 | ||
| 650 |
_913829 _aDrugs _xGeneral |
||
| 942 |
_2ddc _cBK |
||
| 999 |
_c69861 _d69861 |
||